[Event "Novy Bor op-B"]
[White "Krizek, Vladimir"]
[Black "Liska, Jiri Sr"]
[Site "Novy Bor"]
[Round "6"]
[Result "1/2-1/2"]
[Date "2014.10.23"]
[WhiteElo "1459"]
[BlackElo "1681"]
[PlyCount "143"]
[EventDate "2014.09.18"]
[EventType "swiss"]
[EventRounds "9"]
[EventCountry "CZE"]
[SourceTitle "EXT 2016"]
[Source "ChessBase"]
[SourceDate "2015.10.08"]
[SourceVersion "1"]
[SourceVersionDate "2015.10.08"]
[SourceQuality "1"]

1. g3 d5 2. d4 Nf6 3. Bg2 c6 4. Nf3 Bg4 5. 0-0 h6 6. e3 e6 7. Nbd2 Nbd7 8. c4 Ne4 9. Qb3 Nxd2 10. Bxd2 Qc7 11. cxd5 exd5 12. Rfe1 Be7 13. Bb4 Nf6 14. Rac1 0-0 15. Ne5 Be6 16. Qa3 Bxb4 17. Qxb4 a5 18. Qc5 Ne4 19. Qc2 Nd6 20. a4 Bf5 21. Qc3 f6 22. Bxd5+ Kh8 23. Nxc6 bxc6 24. Qxc6 Qxc6 25. Rxc6 Rad8 26. Rc5 Be4 27. Rxa5 Bxd5 28. Rxd5 Nf7 29. Rc5 Ng5 30. Rec1 Rb8 31. R5c2 Rb4 32. h4 Nf7 33. Ra1 Ra8 34. a5 Ra6 35. Kf1 Rb5 36. Ke2 Raxa5 37. Rxa5 Rxa5 38. Kd3 g5 39. Rc5 Ra7 40. b4 Kg7 41. b5 Rb7 42. Kc3 Nd6 43. Kb4 Ne4 44. Rc6 Nxf2 45. b6 Kg6 46. Kb5 Ne4 47. Rc7 Rb8 48. Kc6 Nxg3 49. hxg5 hxg5 50. b7 Nf5 51. Rc8 Rxc8+ 52. bxc8Q Ne7+ 53. Kd7 Nxc8 54. Kxc8 g4 55. d5 g3 56. d6 g2 57. d7 g1Q 58. d8Q Qxe3 59. Qg8+ Kf5 60. Qd5+ Qe5 61. Qd3+ Kg5 62. Qd2+ Kg6 63. Qg2+ Qg5 64. Qc6 Qf5+ 65. Kb7 Kg5 66. Qg2+ Qg4 67. Qd2+ Kg6 68. Qd6 Qf3+ 69. Kc8 Qa8+ 70. Kc7 Qa5+ 71. Kc8 Qe5 72. Qc6 1/2-1/2

[Event "Novy Bor op-B"]
[White "Prenosil, Julian"]
[Black "Krizek, Vladimir"]
[Site "Novy Bor"]
[Round "5"]
[Result "1/2-1/2"]
[Date "2014.10.18"]
[WhiteElo "1239"]
[BlackElo "1459"]
[PlyCount "65"]
[EventDate "2014.09.18"]
[EventType "swiss"]
[EventRounds "9"]
[EventCountry "CZE"]
[SourceTitle "EXT 2016"]
[Source "ChessBase"]
[SourceDate "2015.10.08"]
[SourceVersion "1"]
[SourceVersionDate "2015.10.08"]
[SourceQuality "1"]

1. e4 Nf6 2. e5 Nd5 3. c4 Nb6 4. d4 d6 5. c5 dxc5 6. dxc5 Qxd1+ 7. Kxd1 N6d7 8. f4 Nxc5 9. Nc3 e6 10. Be3 Nc6 11. Bb5 Bd7 12. Nf3 0-0-0 13. Ke2 Nb4 14. Rhd1 Bxb5+ 15. Nxb5 Nc6 16. Rxd8+ Kxd8 17. Rd1+ Kc8 18. Rc1 Na4 19. b3 Nb6 20. Nxa7+ Kb8 21. Nxc6+ bxc6 22. Rxc6 Kb7 23. Rc3 Be7 24. Bxb6 cxb6 25. Nd4 Bc5 26. Nb5 Rd8 27. a4 Rc8 28. Kd3 Bb4 29. Rc4 Be7 30. Nd6+ Bxd6 31. exd6 Rxc4 32. bxc4 Kc6 33. g4 1/2-1/2

[Event "Novy Bor op-B"]
[White "Krizek, Vladimir"]
[Black "Privratsky, Milan"]
[Site "Novy Bor"]
[Round "4"]
[Result "1-0"]
[Date "2014.10.09"]
[WhiteElo "1459"]
[BlackElo "1387"]
[PlyCount "45"]
[EventDate "2014.09.18"]
[EventType "swiss"]
[EventRounds "9"]
[EventCountry "CZE"]
[SourceTitle "EXT 2016"]
[Source "ChessBase"]
[SourceDate "2015.10.08"]
[SourceVersion "1"]
[SourceVersionDate "2015.10.08"]
[SourceQuality "1"]

1. g3 Nc6 2. Bg2 e5 3. e3 Nf6 4. d4 exd4 5. exd4 d5 6. Nf3 Bg4 7. 0-0 Be7 8. Bf4 0-0 9. Re1 Re8 10. Qd3 Bxf3 11. Bxf3 Bb4 12. Nd2 Bxd2 13. Qxd2 Qd7 14. c3 g6 15. Rxe8+ Rxe8 16. Re1 Rxe1+ 17. Qxe1 Qe8 18. Qxe8+ Nxe8 19. Bxd5 Ne7 20. Bxb7 c6 21. Kf1 Nf6 22. Bd6 Nf5 23. Bc5 1-0